Poesí­a cuento y fábula (Record no. 22937)

MARC details
000 -LEADER
campo de control de longitud fija 00348nam a2200109Ia 4500
008 - DATOS DE LONGITUD FIJA--INFORMACIÓN GENERAL
campo de control de longitud fija 231129s9999||||xx |||||||||||||| ||spa||
082 ## - NÚMERO DE LA CLASIFICACIÓN DECIMAL DEWEY
Número de clasificación ER- 583
100 ## - ENTRADA PRINCIPAL--NOMBRE DE PERSONA
Nombre de persona Taller Literario Molinos de Viento y Palabras. Colegio Augusto Zuluaga Patiño
245 #0 - MENCIÓN DEL TÍTULO
Título Poesí­a cuento y fábula
264 ## - PRODUCCIÓN, PUBLICACIÓN, DISTRIBUCIÓN, FABRICACIÓN Y COPYRIGHT
Producción, publicación, distribución, fabricación y copyright [s.l.]: Editorial La Imprenta 2000
942 ## - ELEMENTOS DE ENTRADA SECUNDARIOS (KOHA)
Fuente del sistema de clasificación o colocación Clasificación Decimal Dewey
Tipo de ítem Koha
Holdings
Estatus retirado Estado de pérdida Fuente del sistema de clasificación o colocación Estado de daño No para préstamo Biblioteca de origen Biblioteca actual Fecha de adquisición Total de préstamos Signatura topográfica completa Código de barras Visto por última vez Copia número Precio de reemplazo Tipo de ítem Koha
    Clasificación Decimal Dewey     BIBLIOTECA PÚBLICA MUNICIPAL RAMON CORREA MEJIA BIBLIOTECA PÚBLICA MUNICIPAL RAMON CORREA MEJIA 18/10/2018   ER- 583 ER-583 29/11/2023 1 29/11/2023 Libros

Powered by Koha